000 00581nam a2200241Ia 4500
003 OSt
005 20220912151117.0
006 a|||||r|||| 00| 0
007 ta
008 220909b |||||||| |||| 00| 0 eng d
024 _a39869
037 _cTextual
040 _aCSL
_beng
_cCSL
041 _aeng
082 _aG:66, L2
100 _aSalthe S N
245 0 _aEvalutionary biology
260 _aNew Delhi
_b Holt
_c1972
300 _aviii,437p.
_ccm.
650 _aBiology
942 _hG:66, L2
_cTEXL
_2CC
999 _c61506
_d61506